000 00645nam a2200205 a 4500
003 OSt
005 20240226152059.0
008 180220t2010 pk | |||| 000 e urd d
020 _a9789693522068
040 _c0
082 _a891.4394
_bTAR 2010
100 1 _aتارڑ،مستنصرحسين
_9121245
245 1 0 _aٓٓتارڑنامہ
_cMustansar Hussain Tarar
246 _aTarar Nama
260 _aLahore:
_bSang e Meel Pub;
_c2010.
300 _a470 p.
650 _aUrdu literature
_vEssays
_9121272
942 _2ddc
_cBK
_aSADA
_k891.4394 TAR 2010
999 _c608242
_d608242